[Event "DEM U14 2022"]
[Site "Willingen GER"]
[Date "2022.06.05"]
[Round "2"]
[White "Weber, Nikita"]
[Black "Müller, Maximilian"]
[Result "0-1"]
[Termination "normal"]
[Board "19"]
[WhiteElo "1264"]
[BlackElo "1875"]
[WhiteClock "01:07:35"]
[BlackClock "00:18:28"]
[PlyCount "108"]
[WhiteFideId "34608770"]
[BlackFideId "16243552"]
[EventCountry "GER"]
[EventRounds "9"]
[EventType "swiss"]
[EventDate "2022.06.04"]

1. c4 {[%clk 1:30:58]} g6 {[%clk 1:30:56]} 2. Nc3 {[%clk 1:31:20]} Bg7 {[%clk
1:31:22]} 3. g3 {[%clk 1:31:42]} d6 {[%clk 1:31:48]} 4. Bg2 {[%clk 1:32:06]} e5
{[%clk 1:32:13]} 5. e4 {[%clk 1:32:06]} Nc6 {[%clk 1:32:30]} 6. Nge2 {[%clk
1:32:22]} h5 {[%clk 1:32:50]} 7. h4 {[%clk 1:31:22]} Nh6 {[%clk 1:33:04]} 8. d3
{[%clk 1:29:42]} O-O {[%clk 1:31:44]} 9. O-O {[%clk 1:29:41]} Kh7 {[%clk
1:30:47]} 10. Nd5 {[%clk 1:26:16]} Bg4 {[%clk 1:26:30]} 11. f3 {[%clk 1:25:05]}
Be6 {[%clk 1:26:54]} 12. Bg5 {[%clk 1:25:06]} f6 {[%clk 1:27:03]} 13. Be3
{[%clk 1:25:17]} Qd7 {[%clk 1:14:33]} 14. Qd2 {[%clk 1:24:43]} Nd8 {[%clk
1:04:52]} 15. Qa5 {[%clk 1:15:27]} b6 {[%clk 1:00:39]} 16. Qe1 {[%clk 1:12:39]}
c6 {[%clk 1:00:49]} 17. Ndc3 {[%clk 1:12:13]} Ndf7 {[%clk 0:56:43]} 18. b4
{[%clk 1:09:31]} Rab8 {[%clk 0:55:38]} 19. Qf2 {[%clk 1:08:12]} f5 {[%clk
0:44:19]} 20. Rab1 {[%clk 1:07:23]} Nh8 {[%clk 0:38:39]} 21. Bh3 {[%clk
1:05:46]} f4 {[%clk 0:35:22]} 22. Bxe6 {[%clk 1:05:34]} Qxe6 {[%clk 0:35:47]}
23. gxf4 {[%clk 1:05:49]} exf4 {[%clk 0:36:06]} 24. Bxf4 {[%clk 1:05:25]} Qd7
{[%clk 0:29:02]} 25. Qg3 {[%clk 1:04:36]} Rf6 {[%clk 0:26:01]} 26. d4 {[%clk
1:03:16]} Rbf8 {[%clk 0:24:44]} 27. Rbd1 {[%clk 1:00:15]} a5 {[%clk 0:22:41]}
28. bxa5 {[%clk 0:59:53]} bxa5 {[%clk 0:23:05]} 29. Qh2 {[%clk 0:58:49]} Qe6
{[%clk 0:16:16]} 30. d5 {[%clk 0:58:14]} Qe7 {[%clk 0:16:03]} 31. dxc6 {[%clk
0:56:06]} Rxf4 {[%clk 0:15:45]} 32. Nxf4 {[%clk 0:56:09]} Bxc3 {[%clk 0:16:10]}
33. Rd3 {[%clk 0:55:53]} Be5 {[%clk 0:16:26]} 34. Qf2 {[%clk 0:55:41]} Rxf4
{[%clk 0:16:29]} 35. Rb1 {[%clk 0:54:50]} N8f7 {[%clk 0:14:42]} 36. Rb7 {[%clk
0:54:16]} Qe6 {[%clk 0:15:07]} 37. c7 {[%clk 0:50:54]} Qc8 {[%clk 0:12:40]} 38.
Ra7 {[%clk 0:50:03]} d5 {[%clk 0:10:15]} 39. Rxd5 {[%clk 0:45:32]} Ng4 {[%clk
0:07:25]} 40. Qg2 {[%clk 0:40:40]} Bxc7 {[%clk 0:07:23]} 41. Qb2 {[%clk
0:37:06]} Rxf3 {[%clk 0:06:26]} 42. Qb7 {[%clk 0:36:29]} Rg3+ {[%clk 0:03:43]}
43. Kf1 {[%clk 0:36:07]} Nh2+ {[%clk 0:03:58]} 44. Ke1 {[%clk 0:36:15]} Re3+
{[%clk 0:00:56]} 45. Kd2 {[%clk 0:36:33]} Nf1+ {[%clk 0:01:15]} 46. Kc1 {[%clk
0:36:44]} Re1+ {[%clk 0:24:17]} 47. Kb2 {[%clk 1:06:43]} Qh8+ {[%clk 0:24:23]}
48. e5 {[%clk 1:06:47]} Rxe5 {[%clk 0:16:43]} 49. Rxe5 {[%clk 1:06:17]} Qxe5+
{[%clk 0:17:07]} 50. Kc2 {[%clk 1:06:30]} Qe2+ {[%clk 0:17:16]} 51. Kb3 {[%clk
1:06:44]} Nd2+ {[%clk 0:17:32]} 52. Kc2 {[%clk 1:06:53]} Nxc4+ {[%clk 0:17:46]}
53. Kb1 {[%clk 1:07:13]} Na3+ {[%clk 0:18:02]} 54. Ka1 {[%clk 1:07:35]} Be5+
{[%clk 0:18:28]} 0-1

[Event "DEM U14 2022"]
[Site "Willingen GER"]
[Date "2022.06.05"]
[Round "2"]
[White "Torosyan, Bagrat"]
[Black "Göpfert, Gregor"]
[Result "1-0"]
[Termination "normal"]
[Board "20"]
[WhiteElo "1734"]
[BlackElo "1446"]
[WhiteClock "01:10:18"]
[BlackClock "01:05:22"]
[PlyCount "39"]
[WhiteFideId "16258134"]
[BlackFideId "34603964"]
[EventCountry "GER"]
[EventRounds "9"]
[EventType "swiss"]
[EventDate "2022.06.04"]

1. e4 {[%clk 1:30:58]} e5 {[%clk 1:30:55]} 2. Nf3 {[%clk 1:31:22]} Nc6 {[%clk
1:31:18]} 3. Bc4 {[%clk 1:31:45]} Bc5 {[%clk 1:31:42]} 4. c3 {[%clk 1:32:12]}
Nf6 {[%clk 1:32:04]} 5. d3 {[%clk 1:32:40]} d6 {[%clk 1:32:22]} 6. O-O {[%clk
1:32:42]} a6 {[%clk 1:32:41]} 7. Bb3 {[%clk 1:33:07]} Ba7 {[%clk 1:33:04]} 8.
Nbd2 {[%clk 1:33:01]} O-O {[%clk 1:33:23]} 9. h3 {[%clk 1:33:16]} Be6 {[%clk
1:33:38]} 10. Bc2 {[%clk 1:33:32]} Re8 {[%clk 1:32:15]} 11. Re1 {[%clk
1:31:33]} h6 {[%clk 1:31:53]} 12. Nf1 {[%clk 1:30:46]} Qd7 {[%clk 1:31:45]} 13.
Ng3 {[%clk 1:28:12]} Rad8 {[%clk 1:27:24]} 14. Nh4 {[%clk 1:26:15]} Qc8 {[%clk
1:25:13]} 15. Qf3 {[%clk 1:24:24]} Nh7 {[%clk 1:19:14]} 16. Nhf5 {[%clk
1:17:10]} Ne7 {[%clk 1:14:35]} 17. Qg4 {[%clk 1:13:22]} Ng6 {[%clk 1:11:53]}
18. Nh5 {[%clk 1:11:26]} Nf6 {[%clk 1:05:05]} 19. Nxf6+ {[%clk 1:10:24]} gxf6
{[%clk 1:05:22]} 20. Bxh6 {[%clk 1:10:18]} 1-0

[Event "DEM U14 2022"]
[Site "Willingen GER"]
[Date "2022.06.06"]
[Round "3"]
[White "Besou, Hussain"]
[Black "Deuer, Marius"]
[Result "1/2-1/2"]
[Termination "normal"]
[Board "1"]
[BlackTitle "FM"]
[WhiteElo "2094"]
[BlackElo "2351"]
[WhiteClock "00:25:33"]
[BlackClock "00:33:24"]
[PlyCount "50"]
[WhiteFideId "16269950"]
[BlackFideId "16236432"]
[EventCountry "GER"]
[EventRounds "9"]
[EventType "swiss"]
[EventDate "2022.06.04"]

1. d4 {[%clk 1:30:58]} Nf6 {[%clk 1:30:46]} 2. c4 {[%clk 1:31:24]} e6 {[%clk
1:31:09]} 3. Nf3 {[%clk 1:31:49]} Bb4+ {[%clk 1:28:59]} 4. Bd2 {[%clk 1:32:11]}
Be7 {[%clk 1:29:22]} 5. g3 {[%clk 1:32:37]} O-O {[%clk 1:29:44]} 6. Bg2 {[%clk
1:33:06]} d5 {[%clk 1:30:01]} 7. O-O {[%clk 1:33:28]} c6 {[%clk 1:30:19]} 8.
Qc2 {[%clk 1:33:30]} Nbd7 {[%clk 1:30:29]} 9. b3 {[%clk 1:30:25]} b6 {[%clk
1:28:57]} 10. Bf4 {[%clk 1:24:41]} Ba6 {[%clk 1:28:12]} 11. Nbd2 {[%clk
1:15:25]} Nh5 {[%clk 1:22:51]} 12. Be3 {[%clk 1:13:46]} Bd6 {[%clk 1:19:51]}
13. Rfd1 {[%clk 0:49:50]} Rc8 {[%clk 1:15:40]} 14. Rac1 {[%clk 0:44:06]} f5
{[%clk 1:12:11]} 15. Bg5 {[%clk 0:40:34]} Qe8 {[%clk 1:01:42]} 16. e3 {[%clk
0:39:46]} h6 {[%clk 0:49:30]} 17. Bf4 {[%clk 0:40:11]} Qe7 {[%clk 0:48:47]} 18.
Bxd6 {[%clk 0:39:44]} Qxd6 {[%clk 0:49:14]} 19. Qb2 {[%clk 0:39:24]} Nhf6
{[%clk 0:42:33]} 20. Ne5 {[%clk 0:37:42]} Ne4 {[%clk 0:41:15]} 21. Nxd7 {[%clk
0:37:30]} Qxd7 {[%clk 0:41:37]} 22. Nf3 {[%clk 0:36:25]} c5 {[%clk 0:37:35]}
23. Ne5 {[%clk 0:33:28]} Qd6 {[%clk 0:35:37]} 24. Qa3 {[%clk 0:26:01]} cxd4
{[%clk 0:32:56]} 25. Qxd6 {[%clk 0:25:33]} Nxd6 {[%clk 0:33:24]} 1/2-1/2

[Event "DEM U14 2022"]
[Site "Willingen GER"]
[Date "2022.06.06"]
[Round "3"]
[White "Payyappat, Sreyas"]
[Black "Möller, Maurin"]
[Result "1-0"]
[Termination "normal"]
[Board "2"]
[WhiteTitle "FM"]
[WhiteElo "2173"]
[BlackElo "1780"]
[WhiteClock "00:36:57"]
[BlackClock "00:32:41"]
[PlyCount "51"]
[WhiteFideId "46674969"]
[BlackFideId "16265696"]
[EventCountry "GER"]
[EventRounds "9"]
[EventType "swiss"]
[EventDate "2022.06.04"]

1. e4 {[%clk 1:30:49]} c5 {[%clk 1:30:56]} 2. Nf3 {[%clk 1:31:12]} e6 {[%clk
1:31:25]} 3. d4 {[%clk 1:31:36]} cxd4 {[%clk 1:31:50]} 4. Nxd4 {[%clk 1:32:03]}
Nf6 {[%clk 1:32:13]} 5. Nc3 {[%clk 1:32:27]} d6 {[%clk 1:32:37]} 6. g4 {[%clk
1:32:48]} h6 {[%clk 1:32:59]} 7. h4 {[%clk 1:33:05]} Nc6 {[%clk 1:33:23]} 8.
Rg1 {[%clk 1:33:29]} d5 {[%clk 1:33:44]} 9. Bb5 {[%clk 1:33:38]} Bd7 {[%clk
1:32:35]} 10. exd5 {[%clk 1:33:54]} Nxd5 {[%clk 1:31:21]} 11. Nxd5 {[%clk
1:34:13]} exd5 {[%clk 1:28:33]} 12. Be3 {[%clk 1:33:08]} Qa5+ {[%clk 1:17:24]}
13. c3 {[%clk 1:30:45]} O-O-O {[%clk 1:15:54]} 14. Bxc6 {[%clk 1:29:42]} Bxc6
{[%clk 1:14:36]} 15. Nb3 {[%clk 1:15:22]} Qc7 {[%clk 1:11:40]} 16. Qd4 {[%clk
1:14:29]} Qh2 {[%clk 1:04:56]} 17. O-O-O {[%clk 1:13:42]} b6 {[%clk 0:58:22]}
18. c4 {[%clk 0:58:02]} Qxh4 {[%clk 0:55:00]} 19. cxd5 {[%clk 0:45:50]} Bxd5
{[%clk 0:51:37]} 20. Kb1 {[%clk 0:43:29]} Be7 {[%clk 0:42:42]} 21. Qe5 {[%clk
0:39:25]} Bf6 {[%clk 0:37:12]} 22. Qf5+ {[%clk 0:36:20]} Be6 {[%clk 0:37:37]}
23. Qe4 {[%clk 0:36:36]} Bg5 {[%clk 0:32:29]} 24. Qa8+ {[%clk 0:36:11]} Kc7
{[%clk 0:32:51]} 25. Qxa7+ {[%clk 0:36:34]} Kc8 {[%clk 0:32:41]} 26. Rc1+
{[%clk 0:36:57]} 1-0

[Event "DEM U14 2022"]
[Site "Willingen GER"]
[Date "2022.06.06"]
[Round "3"]
[White "Udelnov, Valentin"]
[Black "Ermitsch, Magnus"]
[Result "1/2-1/2"]
[Termination "normal"]
[Board "3"]
[WhiteElo "1967"]
[BlackElo "2227"]
[WhiteClock "00:16:05"]
[BlackClock "00:10:36"]
[PlyCount "62"]
[WhiteFideId "16265734"]
[BlackFideId "16234464"]
[EventCountry "GER"]
[EventRounds "9"]
[EventType "swiss"]
[EventDate "2022.06.04"]

1. e4 {[%clk 1:30:55]} e5 {[%clk 1:30:42]} 2. Nf3 {[%clk 1:31:14]} Nf6 {[%clk
1:31:02]} 3. Nxe5 {[%clk 1:31:18]} d6 {[%clk 1:31:24]} 4. Nf3 {[%clk 1:31:31]}
Nxe4 {[%clk 1:31:45]} 5. Nc3 {[%clk 1:30:38]} Nxc3 {[%clk 1:32:09]} 6. dxc3
{[%clk 1:31:02]} Be7 {[%clk 1:32:32]} 7. Bd3 {[%clk 1:30:59]} O-O {[%clk
1:32:27]} 8. h3 {[%clk 1:27:44]} Nd7 {[%clk 1:30:46]} 9. Bf4 {[%clk 1:26:37]}
Nc5 {[%clk 1:28:26]} 10. O-O {[%clk 1:22:18]} Re8 {[%clk 1:27:26]} 11. Re1
{[%clk 1:20:41]} a5 {[%clk 1:21:18]} 12. Ng5 {[%clk 0:54:35]} Nxd3 {[%clk
0:51:31]} 13. Qh5 {[%clk 0:53:34]} Bxg5 {[%clk 0:48:26]} 14. Bxg5 {[%clk
0:53:55]} Rxe1+ {[%clk 0:42:28]} 15. Rxe1 {[%clk 0:54:12]} Qf8 {[%clk 0:42:26]}
16. cxd3 {[%clk 0:53:30]} Be6 {[%clk 0:40:21]} 17. Qf3 {[%clk 0:49:08]} h6
{[%clk 0:36:27]} 18. Bf4 {[%clk 0:48:31]} b6 {[%clk 0:33:46]} 19. c4 {[%clk
0:45:36]} Qd8 {[%clk 0:28:52]} 20. Rc1 {[%clk 0:44:03]} Rb8 {[%clk 0:25:11]}
21. d4 {[%clk 0:41:55]} Qf6 {[%clk 0:24:55]} 22. Qe3 {[%clk 0:38:27]} Re8
{[%clk 0:24:33]} 23. Qd2 {[%clk 0:32:38]} Bc8 {[%clk 0:21:42]} 24. c5 {[%clk
0:29:46]} Re4 {[%clk 0:20:14]} 25. Be3 {[%clk 0:30:05]} Qg6 {[%clk 0:17:57]}
26. Kh2 {[%clk 0:26:16]} Re8 {[%clk 0:15:00]} 27. cxb6 {[%clk 0:25:49]} cxb6
{[%clk 0:14:12]} 28. d5 {[%clk 0:24:21]} Bb7 {[%clk 0:13:23]} 29. Rc7 {[%clk
0:23:15]} Ba8 {[%clk 0:13:29]} 30. Bxb6 {[%clk 0:20:31]} Qe4 {[%clk 0:13:11]}
31. Qe3 {[%clk 0:16:05]} Qxe3 {[%clk 0:10:36]} 1/2-1/2

[Event "DEM U14 2022"]
[Site "Willingen GER"]
[Date "2022.06.06"]
[Round "3"]
[White "Hagner, Bennet"]
[Black "Hoppstädter, Daniel"]
[Result "1-0"]
[Termination "normal"]
[Board "4"]
[WhiteElo "2186"]
[BlackElo "1987"]
[WhiteClock "00:30:03"]
[BlackClock "00:15:32"]
[PlyCount "53"]
[WhiteFideId "16224477"]
[BlackFideId "16243625"]
[EventCountry "GER"]
[EventRounds "9"]
[EventType "swiss"]
[EventDate "2022.06.04"]

1. e4 {[%clk 1:30:58]} c5 {[%clk 1:30:53]} 2. Nf3 {[%clk 1:31:22]} e6 {[%clk
1:31:17]} 3. d4 {[%clk 1:31:43]} cxd4 {[%clk 1:31:43]} 4. Nxd4 {[%clk 1:32:07]}
Nf6 {[%clk 1:32:07]} 5. Nc3 {[%clk 1:32:30]} Nc6 {[%clk 1:32:32]} 6. Ndb5
{[%clk 1:32:53]} Bb4 {[%clk 1:32:54]} 7. a3 {[%clk 1:33:12]} Bxc3+ {[%clk
1:33:17]} 8. Nxc3 {[%clk 1:33:37]} d5 {[%clk 1:33:41]} 9. exd5 {[%clk 1:33:20]}
exd5 {[%clk 1:33:53]} 10. Bd3 {[%clk 1:33:33]} O-O {[%clk 1:32:38]} 11. O-O
{[%clk 1:33:45]} d4 {[%clk 1:33:03]} 12. Ne2 {[%clk 1:32:51]} Bg4 {[%clk
1:33:17]} 13. h3 {[%clk 1:24:48]} Bh5 {[%clk 1:32:34]} 14. Bg5 {[%clk 1:20:32]}
h6 {[%clk 1:32:12]} 15. Bh4 {[%clk 1:13:01]} Bxe2 {[%clk 1:32:36]} 16. Bxe2
{[%clk 1:06:32]} g5 {[%clk 1:11:55]} 17. Bg3 {[%clk 1:06:33]} Qb6 {[%clk
1:09:14]} 18. Bd3 {[%clk 0:57:30]} Rfe8 {[%clk 0:48:03]} 19. f4 {[%clk
0:56:27]} Re3 {[%clk 0:36:47]} 20. fxg5 {[%clk 0:54:06]} Rxg3 {[%clk 0:36:25]}
21. Rxf6 {[%clk 0:52:20]} Rxg5 {[%clk 0:33:10]} 22. h4 {[%clk 0:43:12]} Rg7
{[%clk 0:27:20]} 23. Qe2 {[%clk 0:33:26]} Qxb2 {[%clk 0:23:18]} 24. Raf1 {[%clk
0:31:31]} Qxa3 {[%clk 0:22:45]} 25. Rxh6 {[%clk 0:30:04]} Qc5 {[%clk 0:20:05]}
26. Rf5 {[%clk 0:30:21]} Qe7 {[%clk 0:15:32]} 27. Rfh5 {[%clk 0:30:03]} 1-0

[Event "DEM U14 2022"]
[Site "Willingen GER"]
[Date "2022.06.06"]
[Round "3"]
[White "Haubold, Christian Lucas"]
[Black "Lübke, Florentin"]
[Result "1/2-1/2"]
[Termination "normal"]
[Board "5"]
[WhiteElo "1944"]
[BlackElo "1731"]
[WhiteClock "00:00:55"]
[BlackClock "00:11:17"]
[PlyCount "77"]
[WhiteFideId "16259629"]
[BlackFideId "16281799"]
[EventCountry "GER"]
[EventRounds "9"]
[EventType "swiss"]
[EventDate "2022.06.04"]

1. e4 {[%clk 1:30:56]} c5 {[%clk 1:30:56]} 2. Nf3 {[%clk 1:31:21]} Nc6 {[%clk
1:31:18]} 3. d4 {[%clk 1:31:31]} cxd4 {[%clk 1:31:40]} 4. Nxd4 {[%clk 1:31:53]}
g6 {[%clk 1:31:42]} 5. c4 {[%clk 1:28:12]} Nf6 {[%clk 1:31:49]} 6. Nc3 {[%clk
1:28:18]} d6 {[%clk 1:32:00]} 7. Be2 {[%clk 1:27:40]} Nxd4 {[%clk 1:32:11]} 8.
Qxd4 {[%clk 1:27:56]} Bg7 {[%clk 1:32:24]} 9. O-O {[%clk 1:25:40]} O-O {[%clk
1:32:01]} 10. Qd3 {[%clk 1:22:22]} Be6 {[%clk 1:28:31]} 11. Rb1 {[%clk
1:15:01]} Rc8 {[%clk 1:19:08]} 12. b3 {[%clk 1:14:40]} a6 {[%clk 1:18:22]} 13.
f3 {[%clk 1:07:07]} Nd7 {[%clk 1:17:00]} 14. Bb2 {[%clk 0:59:06]} Qa5 {[%clk
1:08:55]} 15. f4 {[%clk 0:33:59]} f5 {[%clk 0:49:03]} 16. Nd5 {[%clk 0:31:51]}
Bxd5 {[%clk 0:45:37]} 17. exd5 {[%clk 0:24:45]} Qxa2 {[%clk 0:40:03]} 18. Bxg7
{[%clk 0:24:52]} Kxg7 {[%clk 0:40:23]} 19. Bf3 {[%clk 0:23:45]} Qa5 {[%clk
0:39:11]} 20. b4 {[%clk 0:22:48]} Qc7 {[%clk 0:37:16]} 21. Qd4+ {[%clk
0:22:21]} Kg8 {[%clk 0:36:27]} 22. Rfe1 {[%clk 0:20:14]} Rf7 {[%clk 0:30:27]}
23. Rec1 {[%clk 0:17:59]} b6 {[%clk 0:28:38]} 24. g4 {[%clk 0:14:45]} a5 {[%clk
0:23:10]} 25. bxa5 {[%clk 0:10:45]} bxa5 {[%clk 0:23:00]} 26. Rb5 {[%clk
0:10:36]} a4 {[%clk 0:20:54]} 27. Rc2 {[%clk 0:09:43]} Rg7 {[%clk 0:20:44]} 28.
Qe3 {[%clk 0:09:06]} Nc5 {[%clk 0:19:21]} 29. Kh1 {[%clk 0:06:58]} Ra8 {[%clk
0:18:31]} 30. h4 {[%clk 0:05:43]} Rb8 {[%clk 0:17:59]} 31. Rcb2 {[%clk
0:05:09]} Nb3 {[%clk 0:17:21]} 32. Rxb8+ {[%clk 0:05:28]} Qxb8 {[%clk 0:17:24]}
33. Bd1 {[%clk 0:05:34]} fxg4 {[%clk 0:17:05]} 34. Bxb3 {[%clk 0:05:32]} axb3
{[%clk 0:17:04]} 35. Rxb3 {[%clk 0:05:58]} Qc8 {[%clk 0:16:33]} 36. Kg2 {[%clk
0:04:07]} h5 {[%clk 0:16:42]} 37. Qd4 {[%clk 0:01:06]} Rf7 {[%clk 0:12:33]} 38.
Kg3 {[%clk 0:00:55]} Rf8 {[%clk 0:11:17]} 39. Re3 1/2-1/2

[Event "DEM U14 2022"]
[Site "Willingen GER"]
[Date "2022.06.06"]
[Round "3"]
[White "Mader, Fabian"]
[Black "Honisch, Alexander"]
[Result "1-0"]
[Termination "normal"]
[Board "6"]
[WhiteElo "1652"]
[BlackElo "1878"]
[WhiteClock "00:01:51"]
[BlackClock "00:00:31"]
[PlyCount "99"]
[WhiteFideId "16265866"]
[BlackFideId "16298594"]
[EventCountry "GER"]
[EventRounds "9"]
[EventType "swiss"]
[EventDate "2022.06.04"]

1. e4 {[%clk 1:30:57]} e5 {[%clk 1:30:36]} 2. Nf3 {[%clk 1:31:18]} Nc6 {[%clk
1:30:41]} 3. Bc4 {[%clk 1:31:40]} Bc5 {[%clk 1:30:34]} 4. c3 {[%clk 1:31:59]}
Nf6 {[%clk 1:30:39]} 5. d3 {[%clk 1:32:21]} d6 {[%clk 1:30:39]} 6. Bb3 {[%clk
1:32:32]} h6 {[%clk 1:29:11]} 7. Nbd2 {[%clk 1:32:29]} a5 {[%clk 1:27:20]} 8.
h3 {[%clk 1:31:14]} b5 {[%clk 1:20:36]} 9. Nf1 {[%clk 1:28:19]} O-O {[%clk
1:05:02]} 10. g4 {[%clk 1:25:24]} d5 {[%clk 1:03:33]} 11. Qe2 {[%clk 1:24:19]}
b4 {[%clk 0:58:05]} 12. g5 {[%clk 1:19:38]} hxg5 {[%clk 0:46:23]} 13. Bxg5
{[%clk 1:19:47]} dxe4 {[%clk 0:45:14]} 14. dxe4 {[%clk 1:19:23]} a4 {[%clk
0:35:53]} 15. Bd5 {[%clk 1:14:25]} Ba6 {[%clk 0:27:20]} 16. Qc2 {[%clk
1:01:00]} Bb7 {[%clk 0:20:08]} 17. Rd1 {[%clk 0:53:55]} Bd6 {[%clk 0:14:26]}
18. Rg1 {[%clk 0:50:21]} b3 {[%clk 0:12:34]} 19. axb3 {[%clk 0:44:02]} axb3
{[%clk 0:12:58]} 20. Bxb3 {[%clk 0:41:30]} Na5 {[%clk 0:12:28]} 21. Ng3 {[%clk
0:39:35]} Nxb3 {[%clk 0:12:05]} 22. Qxb3 {[%clk 0:39:16]} Ba6 {[%clk 0:10:22]}
23. Nh5 {[%clk 0:31:48]} Nxh5 {[%clk 0:06:31]} 24. Bxd8 {[%clk 0:31:10]} Raxd8
{[%clk 0:06:59]} 25. Rd2 {[%clk 0:19:11]} Nf4 {[%clk 0:05:52]} 26. Qd1 {[%clk
0:18:12]} Bb7 {[%clk 0:04:37]} 27. Nxe5 {[%clk 0:09:53]} Rde8 {[%clk 0:03:08]}
28. Nc4 {[%clk 0:09:24]} Rxe4+ {[%clk 0:02:52]} 29. Ne3 {[%clk 0:09:43]} Ra8
{[%clk 0:01:05]} 30. Rd4 {[%clk 0:07:48]} Re7 {[%clk 0:00:31]} 31. Qg4 {[%clk
0:07:05]} Ne6 {[%clk 0:00:32]} 32. Kd2 {[%clk 0:06:32]} Be5 {[%clk 0:00:38]}
33. Nf5 {[%clk 0:05:28]} Ree8 {[%clk 0:00:57]} 34. f4 {[%clk 0:04:33]} Bf6
{[%clk 0:00:34]} 35. Rd7 {[%clk 0:03:58]} Rad8 {[%clk 0:00:50]} 36. Rxd8 {[%clk
0:04:15]} Rxd8+ {[%clk 0:01:18]} 37. Kc1 {[%clk 0:04:30]} Ra8 {[%clk 0:00:43]}
38. Nd4 {[%clk 0:02:40]} Nc5 {[%clk 0:00:33]} 39. Re1 {[%clk 0:00:54]} Nd3+
{[%clk 0:00:32]} 40. Kd2 {[%clk 0:01:12]} Nxe1 {[%clk 0:00:31]} 41. Kxe1 {[%clk
0:01:19]} Ra2 {[%clk 0:26:17]} 42. Qe2 {[%clk 0:30:15]} Ra8 {[%clk 0:18:11]}
43. Kd2 {[%clk 0:26:52]} Bd5 {[%clk 0:15:13]} 44. Kc2 {[%clk 0:24:43]} Rb8
{[%clk 0:14:41]} 45. Kc1 {[%clk 0:11:34]} Kf8 {[%clk 0:11:03]} 46. Qh5 {[%clk
0:08:55]} Rd8 {[%clk 0:10:10]} 47. c4 {[%clk 0:03:47]} Be4 {[%clk 0:06:29]} 48.
Qc5+ {[%clk 0:02:17]} Kg8 {[%clk 0:06:21]} 49. Nc6 {[%clk 0:02:17]} Ra8 {[%clk
0:00:31]} 50. Ne7+ {[%clk 0:01:51]} 1-0

[Event "DEM U14 2022"]
[Site "Willingen GER"]
[Date "2022.06.06"]
[Round "3"]
[White "Huber, Benedikt"]
[Black "Klaska, Philipp Leon"]
[Result "0-1"]
[Termination "normal"]
[Board "7"]
[WhiteElo "1780"]
[BlackElo "1946"]
[WhiteClock "00:02:03"]
[BlackClock "00:02:21"]
[PlyCount "76"]
[WhiteFideId "16281225"]
[BlackFideId "16238044"]
[EventCountry "GER"]
[EventRounds "9"]
[EventType "swiss"]
[EventDate "2022.06.04"]

1. e4 {[%clk 1:30:58]} e6 {[%clk 1:30:47]} 2. d4 {[%clk 1:31:23]} d5 {[%clk
1:31:09]} 3. e5 {[%clk 1:31:47]} c5 {[%clk 1:31:32]} 4. c3 {[%clk 1:32:12]} Nc6
{[%clk 1:31:58]} 5. Nf3 {[%clk 1:32:37]} Qb6 {[%clk 1:31:20]} 6. a3 {[%clk
1:32:28]} Nh6 {[%clk 1:28:46]} 7. Be2 {[%clk 1:23:10]} cxd4 {[%clk 1:21:59]} 8.
cxd4 {[%clk 1:16:53]} Nf5 {[%clk 1:20:18]} 9. O-O {[%clk 1:15:28]} Nfxd4 {[%clk
1:16:54]} 10. Nbd2 {[%clk 1:14:45]} Nxe2+ {[%clk 1:13:20]} 11. Qxe2 {[%clk
1:15:08]} a5 {[%clk 1:10:44]} 12. Nb1 {[%clk 1:11:24]} Qa6 {[%clk 1:03:59]} 13.
Qd1 {[%clk 1:09:12]} Be7 {[%clk 1:01:42]} 14. Nc3 {[%clk 1:08:13]} O-O {[%clk
1:00:51]} 15. Be3 {[%clk 1:06:29]} a4 {[%clk 0:53:35]} 16. Rc1 {[%clk 1:04:24]}
Bd7 {[%clk 0:53:10]} 17. Re1 {[%clk 0:55:55]} Rfc8 {[%clk 0:50:43]} 18. Qc2
{[%clk 0:42:25]} Na5 {[%clk 0:46:45]} 19. Bg5 {[%clk 0:37:30]} Bf8 {[%clk
0:46:15]} 20. Nd4 Rc4 {[%clk 0:43:12]} 21. Rcd1 {[%clk 0:24:31]} Qb6 {[%clk
0:39:03]} 22. Be3 {[%clk 0:21:02]} Qc7 {[%clk 0:38:19]} 23. f4 {[%clk 0:17:17]}
Bxa3 {[%clk 0:33:01]} 24. Qf2 {[%clk 0:11:04]} Bc5 {[%clk 0:27:56]} 25. f5
{[%clk 0:10:04]} Bxd4 {[%clk 0:15:06]} 26. Bxd4 {[%clk 0:10:24]} Nb3 {[%clk
0:14:38]} 27. Bb6 {[%clk 0:06:04]} Qc6 {[%clk 0:13:34]} 28. f6 {[%clk 0:05:11]}
g6 {[%clk 0:12:25]} 29. g3 {[%clk 0:03:09]} Nc5 {[%clk 0:09:02]} 30. Bxc5
{[%clk 0:02:45]} Qxc5 {[%clk 0:09:14]} 31. Re3 {[%clk 0:02:47]} b5 {[%clk
0:06:03]} 32. Kg2 {[%clk 0:01:55]} a3 {[%clk 0:04:40]} 33. Re2 {[%clk 0:01:09]}
Qxf2+ {[%clk 0:03:00]} 34. Rxf2 {[%clk 0:01:37]} b4 {[%clk 0:02:47]} 35. Ne2
{[%clk 0:01:23]} a2 {[%clk 0:01:46]} 36. Ra1 {[%clk 0:01:32]} b3 {[%clk
0:01:47]} 37. Nc3 {[%clk 0:01:53]} d4 {[%clk 0:02:07]} 38. Ne4 {[%clk 0:02:03]}
Bc6 {[%clk 0:02:21]} 0-1

[Event "DEM U14 2022"]
[Site "Willingen GER"]
[Date "2022.06.06"]
[Round "3"]
[White "Haubold, Sebastian Marcel"]
[Black "Bräutigam, Alexander"]
[Result "1-0"]
[Termination "normal"]
[Board "8"]
[WhiteElo "1889"]
[BlackElo "1749"]
[WhiteClock "00:11:39"]
[BlackClock "00:04:45"]
[PlyCount "63"]
[WhiteFideId "16259637"]
[BlackFideId "16245210"]
[EventCountry "GER"]
[EventRounds "9"]
[EventType "swiss"]
[EventDate "2022.06.04"]

1. e4 {[%clk 1:30:57]} c5 {[%clk 1:30:55]} 2. Nf3 {[%clk 1:31:23]} d6 {[%clk
1:31:20]} 3. d4 {[%clk 1:31:49]} cxd4 {[%clk 1:31:45]} 4. Nxd4 {[%clk 1:32:15]}
Nf6 {[%clk 1:32:09]} 5. Nc3 {[%clk 1:32:41]} a6 {[%clk 1:32:35]} 6. Bg5 {[%clk
1:33:06]} e6 {[%clk 1:32:59]} 7. Qf3 {[%clk 1:33:31]} Be7 {[%clk 1:33:04]} 8.
O-O-O {[%clk 1:33:43]} Nbd7 {[%clk 1:33:16]} 9. Bxf6 {[%clk 1:12:48]} Bxf6
{[%clk 1:29:05]} 10. Qg3 {[%clk 1:10:33]} Qc7 {[%clk 1:25:32]} 11. f4 {[%clk
1:04:15]} b5 {[%clk 1:22:10]} 12. Bxb5 {[%clk 0:58:49]} axb5 {[%clk 1:20:54]}
13. Ndxb5 {[%clk 0:59:11]} Qc6 {[%clk 1:19:47]} 14. Nxd6+ {[%clk 0:59:10]} Kf8
{[%clk 1:20:01]} 15. e5 {[%clk 0:59:05]} Be7 {[%clk 1:18:32]} 16. f5 {[%clk
0:51:57]} exf5 {[%clk 1:16:02]} 17. Nxf5 {[%clk 0:51:59]} Qg6 {[%clk 1:14:43]}
18. Qf3 {[%clk 0:49:42]} Rb8 {[%clk 1:06:08]} 19. Nxe7 {[%clk 0:45:46]} Qg5+
{[%clk 1:04:50]} 20. Kb1 {[%clk 0:45:49]} Qxe7 {[%clk 1:04:58]} 21. Rhe1 {[%clk
0:44:08]} Bb7 {[%clk 1:02:36]} 22. Qf4 {[%clk 0:39:49]} g5 {[%clk 1:01:23]} 23.
Qd4 {[%clk 0:39:19]} Nc5 {[%clk 1:00:20]} 24. Rf1 {[%clk 0:27:44]} Ne6 {[%clk
0:53:30]} 25. Qg4 {[%clk 0:24:15]} Kg7 {[%clk 0:51:04]} 26. Rf6 {[%clk
0:23:18]} Qc7 {[%clk 0:32:43]} 27. Rdf1 {[%clk 0:17:43]} Rhf8 {[%clk 0:30:57]}
28. Qh5 {[%clk 0:13:01]} Bxg2 {[%clk 0:16:27]} 29. R1f2 {[%clk 0:12:55]} Qb6
{[%clk 0:05:18]} 30. b3 {[%clk 0:10:52]} Qc6 {[%clk 0:04:41]} 31. Rxf7+ {[%clk
0:11:15]} Rxf7 {[%clk 0:04:45]} 32. Rxf7+ {[%clk 0:11:39]} 1-0